000
00229nam a22000857a 4500
008
170220b xxu||||| |||| 00| 0 eng d
100
_9
2918
_a
Raja Pocket Book
245
_a
Smelling Rat and Other Stories
260
_a
New Delhi
_b
RPB
_c
2007
999
_c
6156
_d
6156